| 000 | 00517nam a2200157 4500 | ||
|---|---|---|---|
| 001 | 111581 | ||
| 003 | ES-MaACL | ||
| 005 | 20230906185327.0 | ||
| 007 | t| | ||
| 008 | 061121s1968 sp r ||||1| spa d | ||
| 245 | 0 | 0 |
_aOrganismos especializados de las Naciones Unidas _b: sus instrumentos constitucionales. |
| 260 |
_aMadrid : _bSociedad de Estudios Internacionales, _c1968. |
||
| 300 |
_a496 p. ; _c24 cm. |
||
| 710 | 2 |
_aSociedad de Estudios Internacionales (Madrid) _96669 |
|
| 852 |
_aES-MaACL _jC-34027 _bR.64944 |
||
| 999 |
_c111581 _d111581 |
||